[Event "HUN-chT"]
[Site "Hungary"]
[Date "1992.??.??"]
[Round "?"]
[White "Golikov, Anatolij"]
[Black "Dobos, Jozsef"]
[Result "1-0"]
[WhiteElo "2360"]
[BlackElo "2365"]
[PlyCount "83"]
[EventDate "1992.??.??"]
[EventType "team"]
[EventRounds "14"]
[EventCountry "HUN"]
[SourceTitle "EXT 2000"]
[Source "ChessBase"]
[SourceDate "1999.11.16"]
[SourceVersion "1"]
[SourceVersionDate "1999.11.16"]
[SourceQuality "1"]

1. d4 c5 2. d5 e6 3. Nc3 d6 4. e4 exd5 5. Nxd5 Nf6 6. Nf3 Be7 7. Bc4 0-0 8. 0-0 Nxd5 9. Qxd5 Be6 10. Qd3 Nc6 11. Rd1 Bg4 12. c3 Ne5 13. Nxe5 dxe5 14. f3 Bh5 15. Be3 b6 16. Qd7 Bg5 17. Bf2 Qxd7 18. Rxd7 Rfd8 19. Rxd8+ Rxd8 20. h4 Bf4 21. Bd5 h6 22. g3 Bxf3 23. gxf4 exf4 24. a4 g5 25. a5 Rd7 26. axb6 axb6 27. c4 Kg7 28. b4 f5 29. bxc5 bxc5 30. Bxc5 Bxe4 31. Ra7 Rxa7 32. Bxa7 Bxd5 33. cxd5 Kf6 34. Bd4+ Ke7 35. Be5 f3 36. h5 g4 37. Kf2 Kf7 38. Bf4 Kf6 39. Kg3 Kg7 40. Bxh6+ Kxh6 41. d6 f4+ 42. Kf2 1-0

[Event "URS-ch Club"]
[Site "Pavlodar"]
[Date "1991.??.??"]
[Round "?"]
[White "Golikov, Anatolij"]
[Black "Ikonnikov, Vyacheslav"]
[Result "1/2-1/2"]
[WhiteElo "2415"]
[BlackElo "2480"]
[PlyCount "62"]
[EventDate "1991.??.??"]
[EventType "swiss"]
[EventRounds "9"]
[EventCountry "URS"]
[SourceTitle "EXT 1997"]
[Source "ChessBase"]
[SourceDate "1996.11.15"]
[SourceVersion "1"]
[SourceVersionDate "1996.11.15"]
[SourceQuality "1"]

1. d4 Nf6 2. c4 c5 3. e3 g6 4. Nc3 Bg7 5. Nf3 0-0 6. Bd3 cxd4 7. exd4 d5 8. 0-0 Nc6 9. h3 dxc4 10. Bxc4 Na5 11. Bd3 Be6 12. Re1 Rc8 13. Qe2 Re8 14. Be3 Bc4 15. Bxc4 Nxc4 16. Ne5 Nb6 17. Qf3 Nbd5 18. Ne4 Nxe4 19. Qxe4 e6 20. Rac1 Qa5 21. a3 Qb5 22. b4 b6 23. Bd2 Rxc1 24. Rxc1 f6 25. Nc4 Qd7 26. b5 f5 27. Qh4 Nc7 28. Ne5 Bxe5 29. dxe5 Nxb5 30. Bh6 Nc7 31. Kh2 Nd5 1/2-1/2

[Event "Kecskemet"]
[Site "Kecskemet"]
[Date "1991.??.??"]
[Round "4"]
[White "Golikov, Anatolij"]
[Black "Mathe, Gaspar"]
[Result "1/2-1/2"]
[WhiteElo "2415"]
[BlackElo "2405"]
[PlyCount "29"]
[EventDate "1991.04.??"]
[EventType "tourn"]
[EventRounds "11"]
[EventCountry "HUN"]
[EventCategory "8"]
[SourceTitle "CBM 023 Extra"]
[Source "ChessBase"]
[SourceDate "1991.09.01"]
[SourceVersion "1"]
[SourceVersionDate "1991.09.01"]
[SourceQuality "1"]

1. d4 d5 2. Nf3 Nf6 3. c4 e6 4. g3 Be7 5. Bg2 0-0 6. 0-0 c6 7. Nc3 b6 8. b3 Nbd7 9. Qc2 Bb7 10. Rd1 Qc7 11. e4 dxe4 12. Ng5 e5 13. dxe5 Nxe5 14. Ncxe4 Ng6 15. Bb2 1/2-1/2

[Event "Kecskemet7"]
[Site "Kecskemet"]
[Date "1991.??.??"]
[Round "?"]
[White "Golikov, Anatolij"]
[Black "Titz, Heimo"]
[Result "1/2-1/2"]
[WhiteElo "2415"]
[BlackElo "2300"]
[PlyCount "41"]
[EventDate "1991.??.??"]
[EventType "tourn"]
[EventRounds "13"]
[EventCountry "HUN"]
[SourceTitle "EXT 2004"]
[Source "ChessBase"]
[SourceDate "2003.11.25"]
[SourceVersion "1"]
[SourceVersionDate "2003.11.25"]
[SourceQuality "1"]

1. d4 Nf6 2. c4 e6 3. Nf3 c5 4. e3 cxd4 5. exd4 d5 6. Nc3 Nc6 7. a3 Be7 8. Bd3 dxc4 9. Bxc4 0-0 10. 0-0 b6 11. Be3 Bb7 12. Ba2 Rc8 13. Qd3 Qd7 14. Rfd1 Rfd8 15. Rac1 Qe8 16. Qe2 Na5 17. Bg5 h6 18. Bh4 Nd5 19. Bxd5 Bxd5 20. Nxd5 Bxh4 21. Rxc8 1/2-1/2

[Event "Kecskemet"]
[Site "Kecskemet"]
[Date "1991.??.??"]
[Round "5"]
[White "Grebennikov, Sergej"]
[Black "Golikov, Anatolij"]
[Result "0-1"]
[WhiteElo "2400"]
[BlackElo "2415"]
[PlyCount "96"]
[EventDate "1991.04.??"]
[EventType "tourn"]
[EventRounds "11"]
[EventCountry "HUN"]
[EventCategory "8"]
[SourceTitle "CBM 023 Extra"]
[Source "ChessBase"]
[SourceDate "1991.09.01"]
[SourceVersion "1"]
[SourceVersionDate "1991.09.01"]
[SourceQuality "1"]

1. c4 e6 2. Nc3 d5 3. d4 Nf6 4. cxd5 exd5 5. Bg5 Nbd7 6. e3 Be7 7. Nf3 c6 8. Bd3 Nh5 9. Bxe7 Qxe7 10. Qc2 Nf4 11. Bf1 Nf6 12. 0-0-0 Ne6 13. Bd3 g6 14. h3 0-0 15. g4 Rd8 16. Kb1 c5 17. dxc5 Nxc5 18. Nd4 Nfe4 19. f4 Nxc3+ 20. Qxc3 Bd7 21. Bc2 Rac8 22. Qa3 Qe8 23. Rhg1 Ba4 24. Bxa4 Nxa4 25. Ka1 Nb6 26. Qd3 Nc4 27. Rge1 Qe7 28. a3 b5 29. e4 dxe4 30. Qxe4 Qc5 31. Rd3 b4 32. a4 b3 33. Nxb3 Qb4 34. Nc1 Qxa4+ 35. Na2 Rxd3 36. Qxd3 Qb5 37. Qc2 Rb8 38. Rc1 Na5 39. b4 Nb7 40. Qc4 Qe8 41. Qc7 a5 42. Rd1 axb4 43. Nxb4 Ra8+ 44. Kb2 Qe2+ 45. Nc2 Qb5+ 46. Kc1 Nc5 47. Rd5 Nb3+ 48. Kb2 Qxd5 0-1

[Event "Kecskemet"]
[Site "Kecskemet"]
[Date "1991.??.??"]
[Round "8"]
[White "Moiseev, Viktor"]
[Black "Golikov, Anatolij"]
[Result "1-0"]
[WhiteElo "2460"]
[BlackElo "2415"]
[PlyCount "83"]
[EventDate "1991.04.??"]
[EventType "tourn"]
[EventRounds "11"]
[EventCountry "HUN"]
[EventCategory "8"]
[SourceTitle "CBM 023 Extra"]
[Source "ChessBase"]
[SourceDate "1991.09.01"]
[SourceVersion "1"]
[SourceVersionDate "1991.09.01"]
[SourceQuality "1"]

1. e4 c5 2. Nf3 Nc6 3. d4 cxd4 4. Nxd4 Qc7 5. Nc3 e6 6. Be2 a6 7. 0-0 Bc5 8. Nxc6 Qxc6 9. Bf4 Ne7 10. Qd3 Ng6 11. Bg3 d6 12. Rad1 0-0 13. Kh1 b5 14. f4 Bb7 15. Bf3 Qc7 16. a3 Rad8 17. Ne2 Bb6 18. Be1 Rd7 19. h4 d5 20. e5 Rc8 21. h5 Ne7 22. c3 Nf5 23. Bf2 Bxf2 24. Rxf2 Qd8 25. g4 Qh4+ 26. Kg2 Nh6 27. Rh1 Qd8 28. Nd4 Qf8 29. g5 Nf5 30. Nxf5 exf5 31. Qxf5 Rdd8 32. Rd1 Rc4 33. Rd4 Bc8 34. Qd3 g6 35. Rxd5 Rxd5 36. Bxd5 Bf5 37. Qf3 Rc5 38. hxg6 hxg6 39. Kg3 Qd8 40. Bb3 Rc7 41. Re2 Rd7 42. e6 1-0

[Event "Kecskemet7"]
[Site "Kecskemet"]
[Date "1991.??.??"]
[Round "?"]
[White "Raetsky, Alexander"]
[Black "Golikov, Anatolij"]
[Result "1-0"]
[WhiteElo "2385"]
[BlackElo "2390"]
[PlyCount "63"]
[EventDate "1991.??.??"]
[EventType "tourn"]
[EventRounds "13"]
[EventCountry "HUN"]
[SourceTitle "EXT 2004"]
[Source "ChessBase"]
[SourceDate "2003.11.25"]
[SourceVersion "1"]
[SourceVersionDate "2003.11.25"]
[SourceQuality "1"]

1. d4 d5 2. c4 dxc4 3. e3 Nf6 4. Bxc4 e6 5. Nf3 a6 6. a4 c5 7. 0-0 Nc6 8. Qe2 Qc7 9. Nc3 Bd6 10. Rd1 0-0 11. h3 b6 12. dxc5 Bxc5 13. e4 Nd7 14. e5 Ndxe5 15. Bf4 Nxf3+ 16. Qxf3 Qb7 17. Ne4 Nd4 18. Qd3 Rd8 19. Be5 f5 20. Nd6 Bxd6 21. Qxd4 Be7 22. Qc3 Rxd1+ 23. Rxd1 Qc6 24. Rd6 Qxa4 25. Rxb6 Bf8 26. b3 Qe8 27. Qf3 Bc5 28. Rc6 Bf8 29. Rc7 Rb8 30. Qxf5 Rb6 31. Qg4 Rc6 32. Rxg7+ 1-0

[Event "Kecskemet7"]
[Site "Kecskemet"]
[Date "1991.??.??"]
[Round "?"]
[White "Yagupov, Igor"]
[Black "Golikov, Anatolij"]
[Result "1-0"]
[WhiteElo "2405"]
[BlackElo "2415"]
[PlyCount "102"]
[EventDate "1991.??.??"]
[EventType "tourn"]
[EventRounds "13"]
[EventCountry "HUN"]
[SourceTitle "EXT 2004"]
[Source "ChessBase"]
[SourceDate "2003.11.25"]
[SourceVersion "1"]
[SourceVersionDate "2003.11.25"]
[SourceQuality "1"]

1. e4 c5 2. c3 d5 3. exd5 Qxd5 4. d4 Nf6 5. Nf3 Bg4 6. Be2 e6 7. h3 Bh5 8. c4 Qd7 9. Be3 cxd4 10. Qxd4 Nc6 11. Qxd7+ Nxd7 12. Nc3 Bc5 13. 0-0 Bxe3 14. fxe3 Bg6 15. a3 Nce5 16. Rfd1 Ke7 17. Rac1 Rhd8 18. b4 a6 19. c5 Rab8 20. Nh4 Nf6 21. Nxg6+ hxg6 22. Kf2 g5 23. Rd4 Nc6 24. Rxd8 Rxd8 25. Rc2 Ne5 26. Bf3 Rd7 27. Ke2 Kd8 28. Na4 Kc7 29. Nb6 Rd8 30. g4 Nxf3 31. Kxf3 Rd3 32. Nc4 Rb3 33. Rb2 Rc3 34. Ne5 Nd5 35. Nxf7 Nxe3 36. Ke4 Nd5 37. Nxg5 Rc4+ 38. Kd3 Rxb4 39. Rxb4 Nxb4+ 40. Kc4 Nc2 41. Nxe6+ Kd7 42. Nxg7 Ne3+ 43. Kd4 Ng2 44. Nf5 Kc6 45. Ne7+ Kd7 46. Ng6 Ke6 47. h4 Kf6 48. h5 a5 49. Ne5 Kg5 50. Nc4 Nf4 51. Nxa5 Ne2+ 1-0

[Event "Kecskemet op2"]
[Site "Kecskemet"]
[Date "1990.??.??"]
[Round "?"]
[White "Brandics, Jozsef"]
[Black "Golikov, Anatolij"]
[Result "1/2-1/2"]
[WhiteElo "2325"]
[BlackElo "2415"]
[PlyCount "48"]
[EventDate "1990.09.??"]
[EventType "swiss"]
[EventRounds "13"]
[EventCountry "HUN"]
[SourceTitle "EXT 2000"]
[Source "ChessBase"]
[SourceDate "1999.11.16"]
[SourceVersion "1"]
[SourceVersionDate "1999.11.16"]
[SourceQuality "1"]

1. d4 d5 2. Bg5 g6 3. c4 c6 4. Nc3 Bg7 5. cxd5 cxd5 6. Qb3 h6 7. Bh4 Bxd4 8. Rd1 Nc6 9. Nf3 Bxc3+ 10. bxc3 Nf6 11. e3 0-0 12. Bxf6 exf6 13. Rxd5 Qc7 14. Rd2 Be6 15. Qc2 Rac8 16. Bd3 Kg7 17. 0-0 Na5 18. Nd4 Bc4 19. Ne2 Bxd3 20. Rxd3 Nc6 21. Qb1 Ne5 22. Rd4 Rfe8 23. Rfd1 Re7 24. h3 Qc5 1/2-1/2

[Event "Kecskemet op1"]
[Site "Kecskemet"]
[Date "1990.??.??"]
[Round "8"]
[White "Golikov, Anatolij"]
[Black "Arkhipov, Sergey"]
[Result "0-1"]
[WhiteElo "2360"]
[BlackElo "2540"]
[PlyCount "79"]
[EventDate "1990.??.??"]
[EventType "swiss"]
[EventRounds "13"]
[EventCountry "HUN"]
[SourceTitle "EXT 2004"]
[Source "ChessBase"]
[SourceDate "2003.11.25"]
[SourceVersion "1"]
[SourceVersionDate "2003.11.25"]
[SourceQuality "1"]

1. Nf3 f5 2. d4 Nf6 3. g3 g6 4. Bg2 Bg7 5. 0-0 0-0 6. c4 d6 7. Nc3 Nc6 8. d5 Ne5 9. Nxe5 dxe5 10. a4 a6 11. a5 h6 12. c5 Qe8 13. Qb3 Kh8 14. Ra4 g5 15. e3 e4 16. f3 Nd7 17. Qd1 exf3 18. Bxf3 Nxc5 19. Rc4 Nd7 20. Rxc7 Qd8 21. d6 exd6 22. Bxb7 Qxc7 23. Bxa8 Ne5 24. Bg2 Be6 25. e4 Ng4 26. Bf3 Qc5+ 27. Kg2 Ne5 28. exf5 Bxf5 29. Ne4 Qc8 30. g4 Bxe4 31. Bxe4 Rxf1 32. Kxf1 Qc4+ 33. Qe2 Qxc1+ 34. Kg2 Qc4 35. Qxc4 Nxc4 36. Bb7 Bxb2 37. Bxa6 Nxa5 38. Kf3 Nc6 39. Ke4 Ne7 40. h3 0-1

[Event "Kecskemet op1"]
[Site "Kecskemet"]
[Date "1990.??.??"]
[Round "13"]
[White "Golikov, Anatolij"]
[Black "Weindl, Alfred"]
[Result "0-1"]
[WhiteElo "2370"]
[BlackElo "2365"]
[PlyCount "126"]
[EventDate "1990.??.??"]
[EventType "swiss"]
[EventRounds "13"]
[EventCountry "HUN"]
[SourceTitle "EXT 2004"]
[Source "ChessBase"]
[SourceDate "2003.11.25"]
[SourceVersion "1"]
[SourceVersionDate "2003.11.25"]
[SourceQuality "1"]

1. d4 g6 2. g3 Nf6 3. c4 Bg7 4. Bg2 0-0 5. Nc3 d6 6. Nf3 Nbd7 7. 0-0 e5 8. e4 exd4 9. Nxd4 Re8 10. h3 a5 11. Be3 a4 12. Qc2 Nc5 13. Rad1 Bd7 14. Rfe1 Qc8 15. Kh2 Re5 16. Nd5 Nxd5 17. cxd5 c6 18. Bf4 cxd5 19. Bxe5 dxe5 20. Rc1 b6 21. b4 axb3 22. Nxb3 Nxe4 23. Qxc8+ Bxc8 24. Bxe4 dxe4 25. Rxe4 Bf5 26. Re2 Bd3 27. Rd2 e4 28. Rc6 b5 29. Nc1 Bh6 30. Rb2 Bc4 31. Nb3 f5 32. Nd2 Bd3 33. Kg1 Bg7 34. Rbc2 Bxc2 35. Rxc2 b4 36. h4 Bc3 37. Nb1 Be5 38. Nd2 Kf7 39. Kf1 Ke6 40. Ke2 Kd5 41. Nc4 Bd4 42. Ne3+ Ke6 43. Nc4 Ra6 44. Ne3 h6 45. Nc4 g5 46. hxg5 hxg5 47. Rd2 Bc3 48. Rc2 f4 49. gxf4 gxf4 50. f3 Kd5 51. Nd2 e3 52. Nb3 Kc4 53. Kf1 Rxa2 54. Rxa2 Kxb3 55. Rh2 Bd2 56. Ke2 Kc2 57. Rh7 b3 58. Rc7+ Bc3 59. Rb7 b2 60. Rc7 Kb3 61. Rb7+ Bb4 62. Rb6 b1Q 63. Rf6 Qe1+ 0-1

[Event "Kecskemet op1"]
[Site "Kecskemet"]
[Date "1990.??.??"]
[Round "3"]
[White "Vasiljevic, Dragan"]
[Black "Golikov, Anatolij"]
[Result "0-1"]
[WhiteElo "2370"]
[BlackElo "2360"]
[PlyCount "78"]
[EventDate "1990.??.??"]
[EventType "swiss"]
[EventRounds "13"]
[EventCountry "HUN"]
[SourceTitle "EXT 2004"]
[Source "ChessBase"]
[SourceDate "2003.11.25"]
[SourceVersion "1"]
[SourceVersionDate "2003.11.25"]
[SourceQuality "1"]

1. d4 d5 2. c4 dxc4 3. Nf3 Nf6 4. Nc3 a6 5. e4 b5 6. e5 Nd5 7. a4 e6 8. axb5 Bb4 9. Bd2 Nb6 10. Be2 Bb7 11. 0-0 0-0 12. Qc2 h6 13. bxa6 Rxa6 14. Be3 Rxa1 15. Rxa1 N8d7 16. Ne4 Bd5 17. h3 Qe7 18. Nh2 f5 19. exf6 Nxf6 20. Nxf6+ Qxf6 21. Ng4 Qf5 22. Qc1 Bd6 23. Bf1 h5 24. Ne5 Bxe5 25. dxe5 Qxe5 26. Qd2 Qe4 27. Ra7 Rf7 28. Ra3 Nd7 29. Bd4 c5 30. Be3 Ne5 31. Bxc5 Nd3 32. Be3 Rb7 33. Ra8+ Kh7 34. Qd1 Qg6 35. Bd4 Nf4 36. g3 Nd3 37. Rd8 Nxb2 38. Qd2 Nd3 39. Kh2 Qe4 0-1